| 000 | 00457nam a2200169 a 4500 | ||
|---|---|---|---|
| 001 | 3430 | ||
| 003 | CDMR | ||
| 005 | 20130116135244.0 | ||
| 008 | 130130s1972||||||||||||||||||||||||||||d | ||
| 040 |
_aCDMR _bcat _cCDMR |
||
| 100 | 1 |
_aBiosca Torres, Francisco _92474 |
|
| 245 | 1 | 0 |
_aSet anys de periodisme 1932-1938 _cF.Biosca i Torres |
| 260 |
_aTerrassa _c1972 _bGráf.Joan Morral |
||
| 300 |
_a86 p ; _c20 cm |
||
| 610 | 2 | 4 |
_aEl Dia de Terrassa _92815 |
| 942 | _cMON | ||
| 999 |
_c3430 _d3430 |
||